Paisajes después de la batalla
שמור ב:
| מחבר ראשי: | |
|---|---|
| פורמט: | ספר |
| שפה: | ספרדית |
| יצא לאור: |
Barcelona
Montesinos
1982
|
| נושאים: | |
| תגים: |
הוספת תג
אין תגיות, היה/י הראשונ/ה לתייג את הרשומה!
|
MARC
| LEADER | 00000nam a2200000 a 4500 | ||
|---|---|---|---|
| 001 | UCN8096 | ||
| 003 | CL-VaPUC | ||
| 008 | 011109e19820000SP |||||||||||||||||spa|d | ||
| 082 | 0 | 4 | |a 863 |b GOY |2 21 |
| 100 | 0 | |a Goytisolo, Juan |e author |9 376899 | |
| 245 | 1 | 0 | |a Paisajes después de la batalla |
| 300 | |a 199 p | ||
| 942 | |c BK | ||
| 945 | |d 20011109 00:00:00 |a rbrito | ||
| 260 | |a Barcelona |b Montesinos |c 1982 | ||
| 650 | 0 | |a Novelas españolas |9 265052 | |
| 583 | |a last modification |c 20011109 00:00:00 |k Rodrigo Vera | ||
| 999 | |c 298158 |d 298156 | ||
| 952 | |0 0 |1 0 |4 0 |6 863_000000000000000_GOY_1982 |7 0 |8 A |9 353532 |a BIBEDU |b BIBEDU |d 2019-11-21 |i 3759954 |o 863 GOY 1982 |p 3759954 |r 2019-11-21 |w 2019-11-21 |y BK |k LIT | ||